|
|
|
|
| LEADER |
00000nab a2200000 a 4500 |
| 001 |
vtls000899779 |
| 003 |
SK-MaSNL |
| 005 |
20260305042859.0 |
| 008 |
040720e19990206xo 0 slo |
| 035 |
|
|
|a KE8782
|
| 040 |
|
|
|a KEVKJB
|b slo
|c KEVKJB
|e AACR2
|
| 041 |
0 |
|
|a slo
|
| 044 |
|
|
|a xo
|c SK
|
| 080 |
|
|
|a 378.4
|2 1981
|
| 080 |
|
|
|a 614.23
|2 1981
|
| 080 |
|
|
|a 929
|2 1981
|
| 100 |
1 |
|
|a Uličiansky, Vladimír,
|d 1951-
|4 aut
|9 191939
|
| 245 |
1 |
0 |
|a Rozlúčili sme sa s profesorom MUDr. Mikulášom Takáčom, DrSc
|
| 590 |
|
|
|a Takáč, Mikuláš
|b profesor, krajský internista, prodekan LF UPJŠ
|
| 600 |
1 |
7 |
|a Takáč, Mikuláš,
|d 1927-1999
|2 KEVKJB
|
| 650 |
0 |
7 |
|a úmrtie
|2 KEVKJB
|9 3886
|
| 650 |
0 |
7 |
|a nekrológy
|2 KEVKJB
|9 28957
|
| 651 |
|
7 |
|a Košice (Slovensko)
|2 KEVKJB
|9 18694
|
| 651 |
|
7 |
|a KE,
|2 KEVKJB
|9 877256
|
| 655 |
|
7 |
|a periodikum
|2 snkbucl
|9 29553
|
| 773 |
0 |
8 |
|t Korzár
|g Roč. 2, č.30, 6.2.1999, s. 4
|
| 852 |
|
|
|a ZVYKNI
|b KIS3GCP
|
| 999 |
|
|
|c 3351525
|d 3353455
|